Single nature's double name. : The collectedness of the conflicting in British and American Romanticism.

Bibliographic Details
Main Author: Benoit, Raymond
Format: Book
Language:English
Published: The Hague : Mouton, 1973.
Series:De proprietatibus litterarum. Series maior ; 26.
Subjects:

MARC

Tag First Indicator Second Indicator Subfields
LEADER 00000cam a2200000 4500
001 in00000487621
005 20151013055153.0
008 740529s1973 ne a b 00100 eng
010 |a  73081272  
035 |a (OCoLC)00947613 
035 |9 ACC4713AM 
037 |c Ne74-10 
040 |a DLC  |c DLC  |d TXA  |d UtOrBLW 
043 |a n-us---  |a e-uk--- 
049 |a TXAM  |c [1237868] 
050 0 0 |a PS169.R6  |b B4 
082 0 |a 821/.009/14 
100 1 |a Benoit, Raymond. 
245 1 0 |a Single nature's double name. :  |b The collectedness of the conflicting in British and American Romanticism. 
264 1 |a The Hague :  |b Mouton,  |c 1973. 
300 |a 158 pages :  |b illustrations ;  |c 24 cm. 
336 |a text  |b txt  |2 rdacontent 
337 |a unmediated  |b n  |2 rdamedia 
338 |a volume  |b nc  |2 rdacarrier 
490 1 |a De proprietatibus litterarum. Series maior ;  |v 26 
504 |a Bibliography: pages [149]-152. 
650 0 |a American literature  |x History and criticism. 
650 0 |a Romanticism. 
650 0 |a English poetry  |y 19th century  |x History and criticism. 
830 0 |a De proprietatibus litterarum.  |p Series maior ;  |v 26. 
999 |a MARS 
999 f f |s a58a9abe-91cd-372e-b485-da6d9822a383  |i ee003129-bb4a-3287-b601-85d78ba06bb0  |t 0 
952 f f |p ric  |a Texas A&M University  |b Rellis Campus  |c Joint Library Facility  |d Remote Storage  |t 0  |e PS169.R6 B4  |h Library of Congress classification  |i unmediated -- volume  |m A14804029435 
998 f f |a PS169.R6 B4  |t 0  |l Remote Storage